แสดงรายละเอียดบรรณานุกรม
  กลับหน้าหลัก

Brief Record : Get Marc (ISO 2709) : E-mail record : QR code ปิดหน้าต่าง
E-books : เกี่ยวกับ Collections
LEADER 00000nam 2200000uu 4500
001    214220
003     ULIBM
008    240820s||||||||th 000 0 tha d
020    ^a978-616-578-621-8
040    ^abcnkk
041    ^atha
050  0 ^aPE1128 ภ432t 2566
100 0  ^aภาณุพงศ์ คำวชิรพิทักษ์
245 00 ^aTOEIC ไม่ยาก 900+เรื่องหมูๆ/^cโดย ภาณุพงศ์ คำวชิรพิทักษ์
260    ^aกรุงเทพฯ :^bต้นกล้า,^c2566
300    ^a 480 หน้า:^bภาพประกอบ;^c24 ซม.
650  0 ^aภาษาอังกฤษ--ข้อสอบและเฉลย
650  0 ^aภาษาอังกฤษ--ไวยากรณ์
999    ^aใช้งานได้ทุกระบบ
รายการนี้ยังไม่มีแท็ก
คุณยังไม่ได้ล็อกอิน คุณสามารถมีกิจกรรมร่วมกับเว็บไซต์ได้ แต่ต้องล็อกอินก่อน ::
  ล็อกอิน
ลำดับที่ ประเภท เลขเรียก สถานที่ สถานะ
1. หนังสือทั่วไป
หนังสือทั่วไป
PE1128 ภ432t 2566 ฉ.1 
  
หนังสือทั่วไป On Shelf
  ขอยืม
Note:จัดซื้อปีงบประมาณ 2567
2. หนังสือทั่วไป
หนังสือทั่วไป
PE1128 ภ432t 2566 ฉ.2 
  
หนังสือทั่วไป ถูกยืม กำหนดส่งวันที่ 11 มิถุนายน 2569
  จอง
Note:จัดซื้อปีงบประมาณ 2567
3. หนังสือทั่วไป
หนังสือทั่วไป
PE1128 ภ432t 2566 ฉ.3 
  
หนังสือทั่วไป On Shelf
  ขอยืม
Note:จัดซื้อปีงบประมาณ 2567
   [แสดง 3/3 รายการ]

รายการใกล้เคียง
    หัวเรื่อง [ภาษาอังกฤษ--ไวยากรณ์]

BibComment


ยังไม่เคยถูกคอมเมนท์

คอมเมนท์ทรัพยากรรายการนี้
  คอมเมนท์: TOEIC ไม่ยาก 900..
Bib 214220

 
 
 

 Union Library Management : ULibM
Copyright 2026. All Rights Reserved.
скачать бесплатно без регистрации порно красивый секс HD Sex Hindi sex

xxx gou

xxxx

bfxxx

xxxwww

Секса Видео

xxxx

Секса Видео

detube

geilexxx

C99 Shell

worms shell

blod xxx video
Ebony Coed Rihanna Rimes Takes A Dick In Her Young Twat priyaa indian fuck anal and pusssy hardcore indian women xxx desi hardcore fucking part 1 bengalixxxcouple